[Event "Scarborough CC Falling Leaves U1700"]
[Site "Toronto CAN"]
[Date "2009.11.26"]
[Round "4"]
[White "Azmitia, Gabriel"]
[Black "Super, Russell"]
[Result "0-1"]
[WhiteElo "1467"]
[BlackElo "1530"]
[PlyCount "120"]
[GameId "2160767910096149"]
[EventDate "2009.11.05"]
[EventType "swiss"]
[EventRounds "7"]
[EventCountry "CAN"]
[SourceTitle "EXT 2011"]
[Source "ChessBase"]
[SourceDate "2011.11.26"]
[SourceVersion "1"]
[SourceVersionDate "2011.11.26"]
[SourceQuality "1"]

1. d4 Nf6 2. Nf3 d5 3. e3 Nc6 4. a3 e6 5. Bd3 Bd6 6. b3 e5 7. dxe5 Nxe5 8. Nxe5 Bxe5 9. c3 O-O 10. Be2 Bf5 11. O-O Bxb1 12. Rxb1 Bxc3 13. Qc2 Be5 14. g3 Qe7 15. Bd3 Bd6 16. a4 c6 17. Bd2 Bb4 18. Bc3 Bxc3 19. Qxc3 Rac8 20. Rbc1 c5 21. Rfe1 Rc7 22. Qc2 h6 23. h3 Re8 24. Bb5 Rd8 25. Kg2 Qe4+ 26. f3 Qxc2+ 27. Rxc2 a6 28. Bf1 Rb8 29. Rec1 Nd7 30. Rd1 Nf6 31. Rdc1 Rbc8 32. Bd3 Ne8 33. Bf5 Rd8 34. Rxc5 Re7 35. Rc8 Rxc8 36. Rxc8 g6 37. Bd7 Kf8 38. Bxe8 Rxe8 39. Rc3 Ke7 40. Kf2 Kf6 41. Rc5 Ke6 42. Rc3 Re7 43. Ke2 Kd6 44. Kd3 Rc7 45. Rxc7 Kxc7 46. Kd4 Kd6 47. b4 b6 48. b5 axb5 49. axb5 f6 50. e4 dxe4 51. fxe4 h5 52. g4 hxg4 53. hxg4 g5 54. Kc4 Ke5 55. Kd3 Kf4 56. Kd4 Kxg4 57. e5 fxe5+ 58. Kxe5 Kf3 59. Kd5 g4 60. Kc6 g3 0-1

[Event "Scarborough CC Falling Leaves U1700"]
[Site "Toronto CAN"]
[Date "2009.11.26"]
[Round "4"]
[White "Graham, John"]
[Black "Walker, John"]
[Result "1-0"]
[WhiteElo "1407"]
[BlackElo "1476"]
[PlyCount "57"]
[GameId "2160767910096150"]
[EventDate "2009.11.05"]
[EventType "swiss"]
[EventRounds "7"]
[EventCountry "CAN"]
[SourceTitle "EXT 2011"]
[Source "ChessBase"]
[SourceDate "2011.11.26"]
[SourceVersion "1"]
[SourceVersionDate "2011.11.26"]
[SourceQuality "1"]

1. c4 e5 2. e3 d6 3. Nc3 Nf6 4. g3 Nbd7 5. Bg2 Be7 6. Nge2 O-O 7. d4 Re8 8. O-O Bf8 9. Qc2 g6 10. b3 Bg7 11. Bb2 c6 12. Rad1 Qc7 13. Rd2 Nf8 14. Ne4 Kh8 15. Nxf6 Bxf6 16. d5 c5 17. Kh1 Bf5 18. e4 Bg4 19. f3 Bd7 20. Nc3 a6 21. Ne2 Qc8 22. Ng1 b5 23. Rdf2 Rb8 24. f4 bxc4 25. bxc4 Qb7 26. Bc3 Re7 27. fxe5 Bxe5 28. Bxe5+ dxe5 29. d6 1-0

[Event "Scarborough CC Falling Leaves U1700"]
[Site "Toronto CAN"]
[Date "2009.11.26"]
[Round "4"]
[White "Pishdad, Hassan"]
[Black "Souchko, Larissa"]
[Result "1-0"]
[WhiteElo "1442"]
[BlackElo "1248"]
[PlyCount "88"]
[GameId "2160767910096151"]
[EventDate "2009.11.05"]
[EventType "swiss"]
[EventRounds "7"]
[EventCountry "CAN"]
[SourceTitle "EXT 2011"]
[Source "ChessBase"]
[SourceDate "2011.11.26"]
[SourceVersion "1"]
[SourceVersionDate "2011.11.26"]
[SourceQuality "1"]

1. d4 d5 2. c4 c5 3. Nf3 Nc6 4. e3 cxd4 5. Nxd4 e6 6. Nxc6 bxc6 7. Be2 g6 8. Bd2 Bg7 9. Bc3 Nf6 10. cxd5 exd5 11. O-O O-O 12. Qa4 c5 13. Bf3 Be6 14. Rd1 Qc7 15. Na3 a6 16. Rac1 Nd7 17. Bxg7 Nb6 18. Qc2 Kxg7 19. Qxc5 Qxc5 20. Rxc5 Rfc8 21. Rdc1 Rab8 22. b3 Rd8 23. Nc2 Rbc8 24. Nd4 Rxc5 25. Rxc5 Rd6 26. Be2 Nd7 27. Ra5 Nb8 28. Rc5 h5 29. h4 Bd7 30. Bf3 Be6 31. g3 Nd7 32. Rc6 Rxc6 33. Nxc6 Kf6 34. Nb4 Nc5 35. Nxd5+ Bxd5 36. Bxd5 a5 37. f3 Ke7 38. Kf2 f5 39. f4 Nd3+ 40. Kf3 Nb4 41. Bc4 Nxa2 42. Bb5 Nc1 43. Bc4 Na2 44. Ke2 Nc3+ 1-0

[Event "Scarborough CC Falling Leaves U1700"]
[Site "Toronto CAN"]
[Date "2009.11.26"]
[Round "4"]
[White "Rogers, Michael"]
[Black "Yie, Kevin Yi Xiao"]
[Result "1-0"]
[WhiteElo "1450"]
[BlackElo "1009"]
[PlyCount "37"]
[GameId "2160767910096152"]
[EventDate "2009.11.05"]
[EventType "swiss"]
[EventRounds "7"]
[EventCountry "CAN"]
[SourceTitle "EXT 2011"]
[Source "ChessBase"]
[SourceDate "2011.11.26"]
[SourceVersion "1"]
[SourceVersionDate "2011.11.26"]
[SourceQuality "1"]

1. e4 e5 2. Nf3 Nc6 3. Bc4 Bc5 4. O-O Nf6 5. d4 Nxd4 6. Nxe5 O-O 7. Be3 Ne6 8. Bxe6 Bxe3 9. Bxf7+ Rxf7 10. Nxf7 Bxf2+ 11. Rxf2 Kxf7 12. e5 c6 13. Qh5+ Kg8 14. exf6 gxf6 15. Nc3 Qb6 16. Re1 d5 17. Re7 Be6 18. Qxh7+ Kf8 19. Qg7# 1-0

[Event "Scarborough CC Falling Leaves U1700"]
[Site "Toronto CAN"]
[Date "2009.11.26"]
[Round "4"]
[White "Termeer, Ted"]
[Black "Xie, Peter"]
[Result "1-0"]
[WhiteElo "1430"]
[BlackElo "1514"]
[PlyCount "59"]
[GameId "2160767910096153"]
[EventDate "2009.11.05"]
[EventType "swiss"]
[EventRounds "7"]
[EventCountry "CAN"]
[SourceTitle "EXT 2011"]
[Source "ChessBase"]
[SourceDate "2011.11.26"]
[SourceVersion "1"]
[SourceVersionDate "2011.11.26"]
[SourceQuality "1"]

1. Nf3 Nf6 2. d4 g6 3. c4 Bg7 4. Nc3 O-O 5. e3 d6 6. Be2 Nbd7 7. Bd2 Re8 8. O-O Nf8 9. Ne1 e5 10. d5 h6 11. e4 N8h7 12. g3 Rf8 13. Ng2 Ne8 14. Qc1 g5 15. f4 exf4 16. gxf4 Bh3 17. fxg5 Bd4+ 18. Kh1 Nxg5 19. Bxg5 hxg5 20. Qd2 Be5 21. Rf2 Nf6 22. Qxg5+ Kh7 23. Qh4+ Kg7 24. Qxh3 Rh8 25. Nh4 Nxe4 26. Nf5+ Kf8 27. Qxh8+ Bxh8 28. Nxe4 Bxb2 29. Rg1 Qd7 30. Nh6 1-0

[Event "Scarborough CC Falling Leaves U1700"]
[Site "Toronto CAN"]
[Date "2009.11.26"]
[Round "4"]
[White "Vora, Hanz"]
[Black "Huston, Scott"]
[Result "0-1"]
[WhiteElo "1110"]
[BlackElo "1605"]
[PlyCount "100"]
[GameId "2160767910096154"]
[EventDate "2009.11.05"]
[EventType "swiss"]
[EventRounds "7"]
[EventCountry "CAN"]
[SourceTitle "EXT 2011"]
[Source "ChessBase"]
[SourceDate "2011.11.26"]
[SourceVersion "1"]
[SourceVersionDate "2011.11.26"]
[SourceQuality "1"]

1. e4 c5 2. Nf3 d6 3. d4 cxd4 4. Nxd4 Nf6 5. Nc3 a6 6. Be2 e5 7. Nb3 Be6 8. O-O Be7 9. Be3 b5 10. a3 Nbd7 11. f4 Nc5 12. Nxc5 dxc5 13. Qxd8+ Rxd8 14. f5 Bc8 15. Bf3 Bb7 16. Rad1 O-O 17. Nd5 Bxd5 18. exd5 e4 19. Be2 Nxd5 20. Bf4 Nxf4 21. Rxf4 Rxd1+ 22. Bxd1 Rd8 23. Bg4 e3 24. Re4 Bf6 25. c3 Bg5 26. g3 Kf8 27. h4 Bh6 28. c4 Rd2 29. cxb5 axb5 30. b3 Rb2 31. b4 c4 32. Re5 c3 33. Rxb5 c2 34. Rc5 Rb1+ 35. Kg2 c1=Q 36. Rxc1 Rxc1 37. b5 Rc2+ 38. Kf3 Ra2 39. Ke4 Rxa3 40. Be2 Ra2 41. Bc4 e2 42. Bxa2 e1=Q+ 43. Kd5 Qd2+ 44. Kc6 Qxa2 45. b6 Qc4+ 46. Kb7 Be3 47. h5 Qb5 48. Kc7 Bxb6+ 49. Kd6 Qc5+ 50. Kd7 Qc7# 0-1

[Event "Scarborough CC Falling Leaves U1700"]
[Site "Toronto CAN"]
[Date "2009.10.08"]
[Round "5"]
[White "Al Ganabi, Zaidun"]
[Black "Vora, Hanz"]
[Result "1-0"]
[WhiteElo "1360"]
[BlackElo "1090"]
[PlyCount "107"]
[GameId "2160767910096156"]
[EventDate "2009.11.05"]
[EventType "swiss"]
[EventRounds "7"]
[EventCountry "CAN"]
[SourceTitle "EXT 2011"]
[Source "ChessBase"]
[SourceDate "2011.11.26"]
[SourceVersion "1"]
[SourceVersionDate "2011.11.26"]
[SourceQuality "1"]

1. e4 e5 2. Nf3 Nc6 3. Bc4 Nf6 4. Ng5 d5 5. exd5 Nd4 6. c3 b5 7. cxd4 bxc4 8. dxe5 Nxd5 9. Nf3 Bg4 10. Qa4+ Qd7 11. Qxd7+ Kxd7 12. Ng5 Ke8 13. O-O Be7 14. Ne4 Rb8 15. Nbc3 Nxc3 16. dxc3 Bf5 17. Ng3 Bd3 18. Re1 Kd7 19. Nh5 g6 20. Nf4 Rhd8 21. Nd5 c6 22. Nxe7 Kxe7 23. Bg5+ Ke6 24. Bxd8 Rxd8 25. Rad1 Rb8 26. Rd2 Rb5 27. f4 Kf5 28. g3 h5 29. b3 Rc5 30. bxc4 Bxc4 31. Re3 a5 32. h3 f6 33. exf6 Kxf6 34. Rd6+ Kf5 35. Re5+ Rxe5 36. fxe5 Bxa2 37. Rxc6 a4 38. Rc5 a3 39. Ra5 Bc4 40. Rxa3 Kxe5 41. Kf2 Ke4 42. Ra4 Kd3 43. Rxc4 Kxc4 44. Kf3 Kxc3 45. Kf4 Kd3 46. Kg5 Ke3 47. Kxg6 Kf3 48. Kxh5 Kxg3 49. h4 Kf4 50. Kg6 Ke5 51. h5 Ke6 52. h6 Ke7 53. h7 Ke6 54. h8=Q 1-0

[Event "Scarborough CC Falling Leaves U1700"]
[Site "Toronto CAN"]
[Date "2009.10.08"]
[Round "5"]
[White "Graham, John"]
[Black "Azmitia, Gabriel"]
[Result "1/2-1/2"]
[WhiteElo "1446"]
[BlackElo "1428"]
[PlyCount "70"]
[GameId "2160767910096157"]
[EventDate "2009.11.05"]
[EventType "swiss"]
[EventRounds "7"]
[EventCountry "CAN"]
[SourceTitle "EXT 2011"]
[Source "ChessBase"]
[SourceDate "2011.11.26"]
[SourceVersion "1"]
[SourceVersionDate "2011.11.26"]
[SourceQuality "1"]

1. e4 c5 2. Nc3 d6 3. Nf3 Nf6 4. d4 cxd4 5. Nxd4 a6 6. Be2 e6 7. Nf3 Nc6 8. O-O Be7 9. a3 b5 10. b4 Rb8 11. Rb1 Bd7 12. Bd3 O-O 13. Ne2 Re8 14. Ng3 g6 15. Re1 Bf8 16. h3 Qc7 17. Bb2 Bg7 18. e5 dxe5 19. Nxe5 Rbd8 20. Qe2 Bc8 21. c4 bxc4 22. Nxc4 Nd5 23. Qc2 Bxb2 24. Rxb2 Nd4 25. Qc1 Bb7 26. Na5 Qb6 27. Be4 f5 28. Nxb7 Qxb7 29. Bxd5 Rxd5 30. Ne2 Rc8 31. Qe3 Nxe2+ 32. Rbxe2 Rc6 33. Qb3 Qd7 34. Qb2 Qf7 35. Qb3 Qd7 1/2-1/2

[Event "Scarborough CC Falling Leaves U1700"]
[Site "Toronto CAN"]
[Date "2009.10.08"]
[Round "5"]
[White "Karpik, Steve"]
[Black "Xie, Peter"]
[Result "1/2-1/2"]
[WhiteElo "1522"]
[BlackElo "1366"]
[PlyCount "68"]
[GameId "2160767910096158"]
[EventDate "2009.11.05"]
[EventType "swiss"]
[EventRounds "7"]
[EventCountry "CAN"]
[SourceTitle "EXT 2011"]
[Source "ChessBase"]
[SourceDate "2011.11.26"]
[SourceVersion "1"]
[SourceVersionDate "2011.11.26"]
[SourceQuality "1"]

1. Nf3 Nf6 2. g3 d5 3. c4 dxc4 4. Qa4+ Bd7 5. Qxc4 g6 6. Bg2 Nc6 7. Nd4 Nxd4 8. Qxd4 c6 9. Nc3 Bg7 10. d3 O-O 11. Bd2 Qc8 12. Qb4 Re8 13. O-O Bh3 14. Qh4 Bxg2 15. Kxg2 Qd7 16. Rab1 Rac8 17. Rfd1 Qe6 18. Qc4 Nd5 19. Qe4 Qd6 20. Rdc1 Nxc3 21. Bxc3 Qd5 22. Qxd5 cxd5 23. Bxg7 Kxg7 24. e3 e5 25. Kf1 d4 26. e4 f5 27. f3 h5 28. h4 f4 29. gxf4 exf4 30. Ke2 g5 31. hxg5 Kg6 32. Kd2 Kxg5 33. Rg1+ Kf6 34. Rbc1 b5 1/2-1/2

[Event "Scarborough CC Falling Leaves U1700"]
[Site "Toronto CAN"]
[Date "2009.10.08"]
[Round "5"]
[White "Mahoney, Ian"]
[Black "Termeer, Ted"]
[Result "1-0"]
[WhiteElo "1516"]
[BlackElo "1457"]
[PlyCount "59"]
[GameId "2160767910096159"]
[EventDate "2009.11.05"]
[EventType "swiss"]
[EventRounds "7"]
[EventCountry "CAN"]
[SourceTitle "EXT 2011"]
[Source "ChessBase"]
[SourceDate "2011.11.26"]
[SourceVersion "1"]
[SourceVersionDate "2011.11.26"]
[SourceQuality "1"]

1. e4 c5 2. Nf3 Nc6 3. d4 cxd4 4. Nxd4 e5 5. Nb5 d6 6. c4 a6 7. N5a3 Nf6 8. Nc3 Be7 9. Be2 Nd4 10. Bd3 Bg4 11. f3 Bh5 12. Nc2 Ne6 13. Ne3 Bg6 14. Ned5 O-O 15. O-O Nc5 16. Be3 Rc8 17. Bxc5 dxc5 18. Qb3 Rb8 19. Rfd1 Nd7 20. Nxe7+ Qxe7 21. Nd5 Qd6 22. Bc2 Qe6 23. Rd2 f5 24. exf5 Bxf5 25. Bxf5 Rxf5 26. Rad1 Rf7 27. Nc7 Qc6 28. Nd5 b5 29. cxb5 axb5 30. Ne7+ 1-0

[Event "Scarborough CC Falling Leaves U1700"]
[Site "Toronto CAN"]
[Date "2009.10.08"]
[Round "5"]
[White "Pishdad, Hassan"]
[Black "Farhang, Arvin"]
[Result "0-1"]
[WhiteElo "1376"]
[BlackElo "1376"]
[PlyCount "60"]
[GameId "2160767910096160"]
[EventDate "2009.11.05"]
[EventType "swiss"]
[EventRounds "7"]
[EventCountry "CAN"]
[SourceTitle "EXT 2011"]
[Source "ChessBase"]
[SourceDate "2011.11.26"]
[SourceVersion "1"]
[SourceVersionDate "2011.11.26"]
[SourceQuality "1"]

1. e4 c5 2. Nf3 e6 3. Nc3 Nc6 4. Bb5 a6 5. Bxc6 bxc6 6. O-O Be7 7. d4 d5 8. e5 cxd4 9. Nxd4 c5 10. Nb3 Qc7 11. Re1 Bd8 12. Qg4 g6 13. Na4 Be7 14. Bg5 Bf8 15. Bh4 Bd7 16. Nc3 Rb8 17. Rab1 d4 18. Ne2 Qxe5 19. Nexd4 Qd5 20. Bg3 Rc8 21. Re4 Qc4 22. Qe2 cxd4 23. Qxc4 Rxc4 24. Rc1 Bg7 25. Ree1 Ne7 26. Red1 Nf5 27. Bb8 O-O 28. Ba7 e5 29. a3 Rfc8 30. Rd2 Bh6 0-1

[Event "Scarborough CC Falling Leaves U1700"]
[Site "Toronto CAN"]
[Date "2009.10.08"]
[Round "5"]
[White "Rogers, Michael"]
[Black "Philip, Andrew"]
[Result "0-1"]
[WhiteElo "1440"]
[BlackElo "1550"]
[PlyCount "76"]
[GameId "2160767910096161"]
[EventDate "2009.11.05"]
[EventType "swiss"]
[EventRounds "7"]
[EventCountry "CAN"]
[SourceTitle "EXT 2011"]
[Source "ChessBase"]
[SourceDate "2011.11.26"]
[SourceVersion "1"]
[SourceVersionDate "2011.11.26"]
[SourceQuality "1"]

1. e4 d5 2. exd5 Qxd5 3. Nc3 Qd6 4. d4 Nf6 5. Nf3 Bg4 6. Be2 e6 7. Be3 c6 8. O-O Nbd7 9. Qd3 Be7 10. Rfe1 O-O 11. Bg5 h6 12. Bh4 Qc7 13. Rad1 Rfd8 14. Ne4 Bf5 15. Bxf6 Nxf6 16. Nxf6+ Bxf6 17. Qb3 Rd7 18. c3 Rad8 19. h3 Qa5 20. Ne5 Bxe5 21. dxe5 Rxd1 22. Rxd1 Rxd1+ 23. Bxd1 Qxe5 24. Bc2 Bxc2 25. Qxc2 Qd5 26. b4 b5 27. a4 a6 28. g3 e5 29. axb5 axb5 30. Qe2 f5 31. f3 Kf7 32. Kf2 Kf6 33. Qe3 g5 34. f4 gxf4 35. gxf4 e4 36. Qd4+ Qxd4+ 37. cxd4 Ke6 38. Ke3 Kd5 0-1

[Event "Scarborough CC Falling Leaves U1700"]
[Site "Toronto CAN"]
[Date "2009.10.08"]
[Round "5"]
[White "Yusuf, Magas"]
[Black "Walker, John"]
[Result "0-1"]
[WhiteElo "1462"]
[BlackElo "1362"]
[PlyCount "98"]
[GameId "2160767910096162"]
[EventDate "2009.11.05"]
[EventType "swiss"]
[EventRounds "7"]
[EventCountry "CAN"]
[SourceTitle "EXT 2011"]
[Source "ChessBase"]
[SourceDate "2011.11.26"]
[SourceVersion "1"]
[SourceVersionDate "2011.11.26"]
[SourceQuality "1"]

1. e4 d6 2. d4 Nf6 3. Nc3 Nbd7 4. Bd3 e5 5. Nf3 Be7 6. Bg5 O-O 7. O-O Re8 8. Ne2 Bf8 9. Re1 g6 10. Qd2 Bg7 11. c3 c6 12. Ng3 Qc7 13. Rac1 Nf8 14. c4 Ne6 15. Bxf6 Bxf6 16. d5 Nd4 17. Nxd4 exd4 18. b4 Bd7 19. Ne2 c5 20. Rb1 a6 21. a3 Rab8 22. Qb2 b5 23. Rec1 Qa7 24. Qc2 Rec8 25. Qd2 Bg7 26. Kh1 Rf8 27. Re1 f5 28. cxb5 axb5 29. exf5 c4 30. Be4 Bxf5 31. Bxf5 Rxf5 32. Nf4 Bh6 33. Re4 Rbf8 34. g3 Qxa3 35. Qxd4 Qf3+ 36. Ng2 Qxf2 37. Qxf2 Rxf2 38. Kg1 Rd2 39. Ree1 Rxd5 40. Red1 Rxd1+ 41. Rxd1 Rd8 42. Rd5 Rb8 43. Rxd6 Bf8 44. Rd1 Bxb4 45. Nf4 c3 46. Nd5 Ba5 47. Kf2 b4 48. Ke2 b3 49. Kd3 Rd8 0-1

[Event "Scarborough CC Falling Leaves U1700"]
[Site "Toronto CAN"]
[Date "2009.12.03"]
[Round "5"]
[White "Al Ganabi, Yasir"]
[Black "Azmitia, Gabriel"]
[Result "0-1"]
[WhiteElo "1476"]
[BlackElo "1467"]
[PlyCount "118"]
[GameId "2160767910096163"]
[EventDate "2009.11.05"]
[EventType "swiss"]
[EventRounds "7"]
[EventCountry "CAN"]
[SourceTitle "EXT 2011"]
[Source "ChessBase"]
[SourceDate "2011.11.26"]
[SourceVersion "1"]
[SourceVersionDate "2011.11.26"]
[SourceQuality "1"]

1. e4 c5 2. Nc3 e6 3. Nf3 a6 4. Bc4 b5 5. Be2 Bb7 6. O-O d6 7. Re1 Nd7 8. a3 Ngf6 9. d3 h6 10. d4 Nxe4 11. Nxe4 Bxe4 12. dxc5 Nxc5 13. b4 Na4 14. Bd3 Bd5 15. Be4 Nc3 16. Qd3 Nxe4 17. Rxe4 Bxe4 18. Qxe4 d5 19. Qe5 Qd6 20. Bf4 Qxe5 21. Bxe5 f6 22. Bc7 Rc8 23. Ba5 Rxc2 24. Nd4 Rc4 25. Nxe6 Kf7 26. Nd8+ Kg6 27. g3 Be7 28. Ne6 Rhc8 29. Nf4+ Kf7 30. Nxd5 Rc1+ 31. Rxc1 Rxc1+ 32. Kg2 Bd6 33. Ne3 Ra1 34. Nc2 Ra2 35. Nd4 Rxa3 36. Nf5 Bf8 37. Nd4 Rc3 38. h4 Rc4 39. Nf5 Bxb4 40. Bxb4 Rxb4 41. Nd6+ Kf8 42. Nb7 Rb1 43. f4 b4 44. Nc5 a5 45. Na4 Ra1 46. Nc5 a4 47. Ne6+ Kg8 48. g4 b3 49. g5 fxg5 50. fxg5 h5 51. Nf4 b2 52. Nd5 Kf8 53. Nf4 b1=Q 54. Ne6+ Kg8 55. Nf4 Ra3 56. Kh2 Qb3 57. Ng2 Qg3+ 58. Kh1 Ra1+ 59. Ne1 Rxe1# 0-1

[Event "Scarborough CC Falling Leaves U1700"]
[Site "Toronto CAN"]
[Date "2009.12.03"]
[Round "5"]
[White "Andona, Mary"]
[Black "Veecock, Carl"]
[Result "0-1"]
[WhiteElo "955"]
[BlackElo "1596"]
[PlyCount "92"]
[GameId "2160767910096164"]
[EventDate "2009.11.05"]
[EventType "swiss"]
[EventRounds "7"]
[EventCountry "CAN"]

1. e4 c6 2. d4 d5 3. Nc3 dxe4 4. Nxe4 Bf5 5. Nc5 Qc8 6. Bc4 e6 7. Ne2 Bxc5 8. dxc5 Ne7 9. Ng3 Bg6 10. O-O O-O 11. Re1 Nd7 12. b4 b6 13. Be3 bxc5 14. bxc5 Nd5 15. Bd4 Rd8 16. Rb1 Nc7 17. Qd2 Nxc5 18. Qc3 Nd7 19. Bxg7 Nd5 20. Qd2 Kxg7 21. Bd3 Nf8 22. Bxg6 Nxg6 23. Nh5+ Kf8 24. Qh6+ Ke8 25. Ng7+ Kd7 26. c4 Ndf4 27. Qg5 Qc7 28. c5 Kc8 29. Rb3 Rd5 30. Rc1 Rxg5 31. g3 Ne2+ 32. Kg2 Nxc1 33. Rb2 Nf4+ 34. Kf1 Nfd3 35. Rc2 Rxg7 36. a4 Qe5 37. h4 Qe1+ 38. Kg2 Ne5 39. h5 Qe4+ 40. Kf1 Qxc2 41. Ke1 Nf3+ 42. Kf1 Qe2+ 43. Kg2 Nd3 44. h6 Qxf2+ 45. Kh3 Ng1+ 46. Kh4 Qh2# 0-1

[Event "Scarborough CC Falling Leaves U1700"]
[Site "Toronto CAN"]
[Date "2009.12.03"]
[Round "5"]
[White "Karpik, Steve"]
[Black "Al Ganabi, Zaidun"]
[Result "1/2-1/2"]
[WhiteElo "1528"]
[BlackElo "1382"]
[PlyCount "97"]
[GameId "2160767910096166"]
[EventDate "2009.11.05"]
[EventType "swiss"]
[EventRounds "7"]
[EventCountry "CAN"]
[SourceTitle "EXT 2011"]
[Source "ChessBase"]
[SourceDate "2011.11.26"]
[SourceVersion "1"]
[SourceVersionDate "2011.11.26"]
[SourceQuality "1"]

1. Nf3 d5 2. c4 dxc4 3. Qa4+ Bd7 4. Qxc4 Nf6 5. Nc3 e6 6. Ne5 Nc6 7. Nxd7 Qxd7 8. g3 Nd4 9. Qd3 Rd8 10. Bg2 c6 11. O-O Be7 12. Kh1 O-O 13. e3 Nf5 14. Qxd7 Rxd7 15. d4 Rfd8 16. a3 Nd6 17. b3 Nd5 18. Nxd5 cxd5 19. Bb2 Rc7 20. Rfc1 Rdc8 21. Rxc7 Rxc7 22. Rc1 Rxc1+ 23. Bxc1 Nb5 24. a4 Nc7 25. Bf1 a5 26. Bd2 b6 27. Bc3 Ne8 28. Bb5 Nf6 29. Bd3 h5 30. h3 Nh7 31. Bxh7+ Kxh7 32. Kg2 Bd6 33. Kf3 Kg6 34. e4 Be7 35. Bd2 f6 36. exd5 exd5 37. Bf4 Bd8 38. g4 hxg4+ 39. hxg4 f5 40. Be5 Bf6 41. Bxf6 Kxf6 42. Kg3 Kg5 43. f4+ Kf6 44. g5+ Kf7 45. Kf3 g6 46. Ke3 Ke6 47. Kd3 Kd6 48. Kc3 Kd7 49. Kd3 1/2-1/2

[Event "Scarborough CC Falling Leaves U1700"]
[Site "Toronto CAN"]
[Date "2009.12.03"]
[Round "5"]
[White "Luo, Yutong"]
[Black "Termeer, Ted"]
[Result "1-0"]
[WhiteElo "1454"]
[BlackElo "1430"]
[PlyCount "59"]
[GameId "2160767910096167"]
[EventDate "2009.11.05"]
[EventType "swiss"]
[EventRounds "7"]
[EventCountry "CAN"]
[SourceTitle "EXT 2011"]
[Source "ChessBase"]
[SourceDate "2011.11.26"]
[SourceVersion "1"]
[SourceVersionDate "2011.11.26"]
[SourceQuality "1"]

1. e4 c5 2. Nf3 d6 3. Bb5+ Bd7 4. Bxd7+ Qxd7 5. O-O Nc6 6. Nc3 e5 7. d3 h6 8. Be3 Nf6 9. h3 g5 10. Nh2 O-O-O 11. Nd5 Be7 12. a3 Rdg8 13. Nxf6 Bxf6 14. b4 b6 15. bxc5 dxc5 16. a4 a5 17. Qb1 Bd8 18. Qb5 Nd4 19. Qc4 h5 20. Bxd4 exd4 21. Nf3 Bc7 22. Qa6+ Kd8 23. Nd2 h4 24. Nc4 g4 25. Nxb6 Qd6 26. Qc8+ Ke7 27. Nd5+ Qxd5 28. Qxc7+ Qd7 29. Qxc5+ Ke8 30. Qe5+ 1-0

[Event "Scarborough CC Falling Leaves U1700"]
[Site "Toronto CAN"]
[Date "2009.12.03"]
[Round "5"]
[White "Rogers, Michael"]
[Black "Dattani, Dinesh"]
[Result "0-1"]
[WhiteElo "1450"]
[BlackElo "1365"]
[PlyCount "46"]
[GameId "2160767910096168"]
[EventDate "2009.11.05"]
[EventType "swiss"]
[EventRounds "7"]
[EventCountry "CAN"]
[SourceTitle "EXT 2011"]
[Source "ChessBase"]
[SourceDate "2011.11.26"]
[SourceVersion "1"]
[SourceVersionDate "2011.11.26"]
[SourceQuality "1"]

1. e4 e5 2. Nf3 Nc6 3. Bc4 Bc5 4. O-O Nf6 5. d4 exd4 6. e5 Ng4 7. Bf4 d5 8. exd6 Qf6 9. Re1+ Be6 10. Bg5 Qf5 11. Bxe6 fxe6 12. h3 Nxf2 13. d7+ Kxd7 14. Kxf2 Rhf8 15. Kf1 Qxg5 16. c3 e5 17. Nbd2 Qg6 18. Ne4 Bb6 19. b4 Rad8 20. Qb3 Kc8 21. c4 d3 22. Re3 Bxe3 23. Rd1 Qxe4 0-1

[Event "Scarborough CC Falling Leaves U1700"]
[Site "Toronto CAN"]
[Date "2009.12.03"]
[Round "5"]
[White "Souchko, Larissa"]
[Black "Yie, Kevin Yi Xiao"]
[Result "0-1"]
[WhiteElo "1248"]
[BlackElo "1009"]
[PlyCount "60"]
[GameId "2160767910096169"]
[EventDate "2009.11.05"]
[EventType "swiss"]
[EventRounds "7"]
[EventCountry "CAN"]
[SourceTitle "EXT 2011"]
[Source "ChessBase"]
[SourceDate "2011.11.26"]
[SourceVersion "1"]
[SourceVersionDate "2011.11.26"]
[SourceQuality "1"]

1. e4 c5 2. Nf3 d6 3. d4 cxd4 4. Nxd4 Nf6 5. Nc3 a6 6. Bc4 Qc7 7. Bb3 e5 8. Nf5 Bxf5 9. exf5 Qd7 10. g4 Qc6 11. O-O Nbd7 12. Re1 h6 13. Nd5 Nxd5 14. Bxd5 Qc5 15. b3 Nf6 16. Bc4 b5 17. Bd3 Be7 18. Bb2 O-O 19. Qd2 Rac8 20. Rac1 Nxg4 21. h3 Bg5 22. Qe2 Bxc1 23. Rxc1 Nf6 24. Kh2 e4 25. Bxe4 d5 26. Kh1 Nxe4 27. Kg1 f6 28. Qg4 Nxf2 29. Kg2 Nxg4 30. hxg4 Qxc2+ 0-1

[Event "Scarborough CC Falling Leaves U1700"]
[Site "Toronto CAN"]
[Date "2009.12.03"]
[Round "5"]
[White "Super, Russell"]
[Black "Graham, John"]
[Result "0-1"]
[WhiteElo "1530"]
[BlackElo "1407"]
[PlyCount "70"]
[GameId "2160767910096170"]
[EventDate "2009.11.05"]
[EventType "swiss"]
[EventRounds "7"]
[EventCountry "CAN"]
[SourceTitle "EXT 2011"]
[Source "ChessBase"]
[SourceDate "2011.11.26"]
[SourceVersion "1"]
[SourceVersionDate "2011.11.26"]
[SourceQuality "1"]

1. e4 e6 2. d4 d5 3. e5 c5 4. Nf3 Bd7 5. Be3 Nh6 6. c3 Nf5 7. Be2 Qb6 8. Qc2 Nc6 9. dxc5 Nxe3 10. fxe3 Bxc5 11. e4 dxe4 12. Ng5 Bf2+ 13. Kf1 e3 14. Ne4 Nxe5 15. Nxf2 exf2 16. b3 Qe3 17. Nd2 Bc6 18. Rd1 Rd8 19. Qc1 O-O 20. Nf3 Rxd1+ 21. Qxd1 Ng6 22. Qd2 Qb6 23. Qd4 Qa5 24. Kxf2 Rd8 25. Qe3 Qxa2 26. b4 Bb5 27. Re1 a6 28. Kg1 Bxe2 29. Rxe2 Rd1+ 30. Re1 Rxe1+ 31. Qxe1 Qc4 32. Qd2 h6 33. h3 Qc7 34. Kh1 Ne7 35. Qd3 Nd5 0-1

[Event "Scarborough CC Falling Leaves U1700"]
[Site "Toronto CAN"]
[Date "2009.12.03"]
[Round "5"]
[White "Xie, Peter"]
[Black "Pishdad, Hassan"]
[Result "1-0"]
[WhiteElo "1514"]
[BlackElo "1442"]
[PlyCount "69"]
[GameId "2160767910096171"]
[EventDate "2009.11.05"]
[EventType "swiss"]
[EventRounds "7"]
[EventCountry "CAN"]
[SourceTitle "EXT 2011"]
[Source "ChessBase"]
[SourceDate "2011.11.26"]
[SourceVersion "1"]
[SourceVersionDate "2011.11.26"]
[SourceQuality "1"]

1. e4 e5 2. Nf3 Nc6 3. Bb5 Nf6 4. O-O Nxe4 5. Re1 f5 6. d3 Nd6 7. Bxc6 bxc6 8. Nxe5 Be7 9. Qh5+ Kf8 10. Ng6+ Kg8 11. Nxe7+ Kf8 12. Ng6+ Kg8 13. Nxh8 Kxh8 14. Bf4 g6 15. Be5+ Kg8 16. Qh6 Qe7 17. Nc3 Qf7 18. Bxd6 cxd6 19. Re2 Bb7 20. Rae1 Qf8 21. Qxf8+ Rxf8 22. Re8 c5 23. Rxf8+ Kxf8 24. Nb5 a6 25. Nxd6 Bc6 26. Re8+ Kg7 27. Re5 Kf6 28. Rxc5 Ke6 29. Nc4 Bb5 30. Re5+ Kf6 31. f4 h6 32. Nd6 Bc6 33. Ne8+ Kf7 34. Nc7 Bb7 35. Ra5 1-0